00414 a2200121 450000500170000002000180001710000260003524500480006126000470010994200070015699900190016395201100018220260219120220.0 a9781647405625 aAIDEN WILLIAMS910330 aPrinciples of marine and lake sedimentology bSyrawood publishing house, New Yorkc2025, cBK c756434d756434 0010407-1aLIBbLIBd2026-02-24e27g11641.10l0p326246r2026-02-24 00:00:00v14551.38w2026-02-24yBK